Komplexné sociálne zabezpečenie vojenského profesionála zborník anotácií z medzinárodnej vedeckej konferencie : [21.-22. 10. 2010, Liptovský Mikuláš
| Other Authors: | , , |
|---|---|
| Format: | Book |
| Language: | Slovak English Polish Russian |
| PhysicalDescription: | 27 s. 21 cm V elektronickej forme vydaný zborník príspevkov |
| Published: |
Liptovský Mikuláš
Akadémia ozbrojených síl generála Milana Rastislava Štefánika
2010
|
| ISBN: | 9788080404055 |
| Edition: | 1. vyd. |
| Subjects: |
MARC
| LEADER | 00000nam a2200000 a 4500 | ||
|---|---|---|---|
| 001 | vtls010186754 | ||
| 003 | SK-MaSNL | ||
| 005 | 20260424043958.0 | ||
| 008 | 180806s2010 xo f a 100 0 slo | ||
| 015 | |a SNBA2011/04-01909 | ||
| 020 | |a 9788080404055 |q (brož.) | ||
| 035 | |a 851332F0-CEAB-43FB-86CA-DA00F8223E55 | ||
| 035 | |a urn:nbn:sk:snk-amkb52 | ||
| 035 | |a urn:nbn:sk:snk-am003vxt | ||
| 040 | |a SNK |b slo |c SNK |e AACR2 | ||
| 041 | 0 | |a slo |a eng |a pol |a rus | |
| 044 | |a xo |c SK | ||
| 072 | 7 | |a 364 |x Sociálne problémy vyžadujúce podporu a pomoc. Sociálne zabezpečenie |2 konspekt | |
| 080 | |a 364 |2 2001 | ||
| 080 | |a 355.11 |2 2001 | ||
| 080 | |a 355.1 |2 2001 | ||
| 080 | |a (062.534) |2 2001 | ||
| 080 | |a (048.3) |2 2001 | ||
| 245 | 0 | 0 | |a Komplexné sociálne zabezpečenie vojenského profesionála |b zborník anotácií z medzinárodnej vedeckej konferencie : [21.-22. 10. 2010, Liptovský Mikuláš |c zostavenie a redakcia: Pavol Hamaj, Mária Martinská, Eva Závodná] |
| 246 | 1 | 1 | |a Life style and family of military professional |
| 250 | |a 1. vyd. | ||
| 260 | |a Liptovský Mikuláš |b Akadémia ozbrojených síl generála Milana Rastislava Štefánika |c 2010 | ||
| 300 | |a 27 s. |c 21 cm | ||
| 366 | |e 100 výt. | ||
| 500 | |a Názov na obale | ||
| 530 | |a V elektronickej forme vydaný zborník príspevkov | ||
| 546 | |a Text aj angl., poľ. a rus. | ||
| 650 | 0 | 7 | |a sociálne zabezpečenie |2 SNKPH |9 3720 |
| 650 | 0 | 7 | |a profesionálni vojaci |2 SNKPH |9 57087 |
| 650 | 0 | 7 | |a ozbrojené sily |2 SNKPH |9 1644 |
| 650 | 0 | 7 | |a Social security |2 SNKPHeng |9 267889 |
| 650 | 0 | 7 | |a Professional soldiers |2 SNKPHeng |9 276224 |
| 650 | 0 | 7 | |a Armed forces |2 SNKPHeng |9 267750 |
| 655 | 7 | |a zborníky konferencií |2 SNKPH |9 70153 | |
| 655 | 7 | |a abstrakty |2 SNKPH |9 22516 | |
| 655 | 7 | |a Proceedings of conferences |2 SNKPHeng |9 265791 | |
| 655 | 7 | |a Abstracts |2 SNKPHeng |9 275616 | |
| 700 | 1 | |a Hamaj, Pavol |4 com |9 465053 | |
| 700 | 1 | |a Martinská, Mária, |d 1972- |4 com |9 154208 | |
| 700 | 1 | |a Závodná, Eva |4 com |9 330221 | |
| 919 | |a 978-80-8040-405-5 | ||
| 958 | |a OND | ||
| 968 | |d 36 | ||
| 999 | |c 834613 |d 836543 | ||
| 952 | |a SNK |b SNK |y PREZ |7 0 |p 17A0678261 |o snkSC 142693 |i snk2010/24419 |8 0 |0 0 |1 0 |4 0 |d 2010-11-08 |l 0 |r 2025-07-10 00:00:00 |w 2026-02-24 | ||
| 952 | |a SNK |b SNK |y VYP |7 0 |p 17A0678262 |o snkSC 142693 D1 |i snk2010/24420 |8 0 |0 0 |1 0 |4 0 |d 2010-11-08 |f 1 |l 0 |r 2026-02-24 03:49:56 |w 2026-02-24 | ||


